00910nam a2200253Ia 4500003000400000005001700004006001900021007000300040008004100043024001000084037001200094040001800106041001300124082002000137110005800157245012700215260007400342300001500416650001200431700005800443942003000501999001900531952010600550OSt20221005072212.0a|||||r|||| 00| 0 ta221004b |||||||| |||| 00| 0 eng d a51158 cTextual aCRLcCRLbeng 2engaeng aA0aX:8(A), K6.5 aCouncil of Scientific and Industrial Research9122573 0aChemical plant and equipment electrical and mechanical engineering agricultural, textile and mining machiner, automobiles. aNew DelhibCouncil of Scientific and Industrial Research India c1966 a115p.ccm. aSCIENCE aCouncil of Scientific and Industrial Research9122574 hA0aX:8(A), K6.5cTEXL2cc c979027d979027 00104070aCRLbCRLd2022-10-05l0oA0aX:8(A) K6.5pCL1235240r2022-10-05 00:00:00w2022-10-05yTEXL